000 00527nam a2200217Ia 4500
008 210210b2010 xxu||||| |||| 00| 0 eng d
020 _a9788120340336
041 _aeng
082 _a574.873223 RAMF
100 _aRAM (Mahabal)
245 _aFundamentals of cytogenetics and genetics
260 _aND
_bPHI Learning Pvt. Ltd.
_c2010
300 _axxix,653
650 _aof
650 _agenetics
650 _aFundamentals
650 _acytogenetics
650 _aand
690 _aCell Biology
906 _a067891
999 _c150921
_d150921